Sports Quiz

Random Sports or NFL Quiz

NFL Teams per Length Quiz Stats

 Plays Quiz Updated Aug 27, 2012

Challenge
Share
Tweet
Embed
Score 0/7 Timer 01:00
0 Plays Today
Length Team Name % Correct
8Patriots
97.2%
7Falcons
94.7%
6Giants
94.5%
5Bills
94.1%
4Jets
87.1%
10Buccaneers
62.9%
9Cardinals
38.7%

You're not logged in!

Compare scores with friends on all Sporcle quizzes.
OR
Log In

You Might Also Like...

Show Comments

Extras

Top Quizzes Today


Score Distribution

Your Account Isn't Verified!

In order to create a playlist on Sporcle, you need to verify the email address you used during registration. Go to your Sporcle Settings to finish the process.

Report this User

Report this user for behavior that violates our Community Guidelines.

Details: